[Event "POL-chT2"]
[Site "Jastrzebia Gora POL"]
[Date "2016.09.??"]
[Round "6.13"]
[White "Kolago, Marcin"]
[Black "Szelag, Marcin"]
[Result "1-0"]
[WhiteElo "2328"]
[BlackElo "2449"]
[EventDate "2016.09.05"]

1.c4 g6 2.Nc3 Bg7 3.g3 Nf6 4.Bg2 O-O 5.e3 c6 6.Qb3 e5 7.Nge2 Re8 8.d3 d6 
9.O-O Na6 10.Rd1 Qe7 11.e4 Be6 12.h3 b5 13.Qa3 Nc7 14.cxb5 cxb5 15.d4 a5 
16.dxe5 dxe5 17.Qxe7 Rxe7 18.Bg5 Rc8 19.Rac1 Ree8 20.Rd6 Bf8 21.Rc6 Nh5 
22.Nd5 Nxd5 23.exd5 Bd7 24.Rc7 Rxc7 25.Rxc7 Bc8 26.g4 h6 27.gxh5 hxg5 28.
hxg6 f5 29.Nc3 e4 30.Nxb5 Rd8 31.Bf1 Bd7 32.Nd4 Bd6 33.Rb7 Bc8 34.Rh7 Re8 
35.Bc4 e3 36.fxe3 Rxe3 37.Nb5 Bc5 38.Kf1 Re4 39.b3 Bb4 40.a3 Bf8 41.d6+ 
1-0

[Event "POL-chT2"]
[Site "Jastrzebia Gora POL"]
[Date "2016.09.??"]
[Round "6.14"]
[White "Przybylski, Wojciech"]
[Black "Wiewiora, Eneasz"]
[Result "0-1"]
[WhiteElo "2364"]
[BlackElo "2253"]
[EventDate "2016.09.05"]

1.e4 e6 2.d4 d5 3.Nc3 Bb4 4.Ne2 Nf6 5.Bg5 dxe4 6.a3 Be7 7.Bxf6 Bxf6 8.Nxe4
O-O 9.Qd3 Be7 10.O-O-O Nd7 11.Qe3 Nb6 12.h4 Bd7 13.Nf4 Nd5 14.Nxd5 exd5 
15.Ng5 Bf5 16.Bd3 Bxd3 17.Rxd3 Bd6 18.g3 h6 19.Nh3 Qf6 20.Re1 Rae8 21.Qxe8
Rxe8 22.Rxe8+ Kh7 23.Re2 Qf5 24.Ng1 h5 25.Kd2 f6 26.Rf3 Qg4 27.Rd3 a5 28.
Nf3 b6 29.Ree3 Qf5 30.Ke2 Qh3 31.Rd1 Qd7 32.Kd2 Qf5 33.Rd3 Bf8 34.Re1 Qd7 
35.Kc1 Kg8 36.Rde3 Kf7 37.R1e2 Qb5 38.Re1 Bd6 39.Rd3 Qc4 40.Kb1 Qb5 41.Nd2
Qd7 42.Kc1 Qf5 43.f4 Qh3 44.Rf3 Qg2 45.Kd1 Bf8 46.c3 a4 47.Re2 Qh1+ 48.Kc2
Qh3 49.f5 Bd6 50.Nf1 Qh1 51.Ref2 c5 52.Ne3 Qe1 53.Rg2 Bb8 54.dxc5 bxc5 55.
Rd2 Qh1 56.Ng2 Be5 57.Rfd3 d4 58.cxd4 Bxd4 59.Ne3 Qe4 60.Nc4 Kg8 61.b3 
axb3+ 62.Kxb3 Qxf5 63.Ka2 Qf1 64.Nb2 Qc1 65.Re2 Kf7 66.Rd1 Qc3 67.Rd3 Qa5 
68.Rb3 Qa6 69.Rc2 g5 70.hxg5 fxg5 71.Nc4 h4 72.gxh4 gxh4 73.Rb7+ Kf8 74.
Rb8+ Kf7 75.Rb7+ Kf8 76.Rb8+ Ke7 77.Rb6 Qa4 78.Re2+ Kf7 79.Nb2 Qd7 80.Rc2 
Qd5+ 81.Nc4 h3 82.Rh6 Qh1 83.Kb3 Qb1+ 84.Nb2 c4+ 85.Rxc4 Qxb2+ 86.Ka4 h2 
87.Rc7+ Kg8 88.Rc8+ Kg7 89.Rch8 Qc2+ 90.Kb5 Qb1+ 91.Ka4 Qd1+ 92.Kb5 Qf1+ 
93.Kb4 Bc5+ 94.Ka5 Qf5 95.Rh5 Qd3 96.Rxh2 Qxa3+ 97.Kb5 Qb4+ 98.Kc6 Qb6+ 
99.Kd5 Qd6+ 100.Kc4 Be3 101.R8h5 Kg6 102.R2h3 Qd4+ 103.Kb5 Bg5 104.Rh7 
Qd5+ 105.Kb4 Bd2+ 106.Ka3 Qb5 107.Rh2 Bf4 108.Rh1 Bc1+ 109.Rxc1 Kxh7 110.
Rc3 Kg6 111.Rb3 Qa5+ 112.Kb2 Kf5 113.Kb1 Ke4 114.Rb2 Kd3 115.Rb3+ Kc4 116.
Rb2 Kc3 117.Rc2+ Kd3 118.Rb2 Qa4 119.Rh2 Qb3+ 120.Rb2 Qd1+ 121.Ka2 Kc3 
122.Rb8 Qd5+ 123.Ka1 Qh1+ 0-1

[Event "POL-chT2"]
[Site "Jastrzebia Gora POL"]
[Date "2016.09.??"]
[Round "6.15"]
[White "Mulet, Piotr"]
[Black "Urban, Klaudiusz"]
[Result "1/2-1/2"]
[WhiteElo "2234"]
[BlackElo "2419"]
[EventDate "2016.09.05"]

1.e4 c6 2.Nc3 d5 3.Nf3 Bg4 4.Be2 e6 5.O-O Be7 6.d4 Nf6 7.Ne5 Bxe2 8.Qxe2 
O-O 9.Re1 Qb6 10.Nf3 Re8 11.Bd2 dxe4 12.Nxe4 Nbd7 13.Neg5 c5 14.Ne5 Rf8 
15.Qd3 Qd8 16.Nexf7 Rxf7 17.Nxe6 Qb6 18.Ng5 Raf8 19.Qc4 Qa6 20.Qb3 Qb6 21.
Qc4 Qa6 22.Qb3 Qb6 23.Qc4 Qa6 1/2-1/2

[Event "POL-chT2"]
[Site "Jastrzebia Gora POL"]
[Date "2016.09.??"]
[Round "6.16"]
[White "Schmidt, Wlodzimierz"]
[Black "Raszka, Janusz"]
[Result "1-0"]
[WhiteElo "2305"]
[BlackElo "2119"]
[EventDate "2016.09.05"]

1.d4 d5 2.c4 dxc4 3.Nf3 Nf6 4.e3 a6 5.Bxc4 e6 6.O-O c5 7.Bb3 b5 8.a4 b4 9.
e4 Bb7 10.e5 Nd5 11.Nbd2 cxd4 12.Nc4 Nc6 13.Nxd4 Na5 14.Nxa5 Qxa5 15.Qg4 
Bc5 16.Rd1 O-O-O 17.Bg5 Rde8 18.Bc4 Ba7 19.Nb3 Qb6 20.Bxd5 Qxf2+ 21.Kh1 
Bxd5 22.Rxd5 Qxb2 23.Rc1+ Kb8 24.Qxb4+ Ka8 25.Rd7 1-0

[Event "POL-chT2"]
[Site "Jastrzebia Gora POL"]
[Date "2016.09.??"]
[Round "6.17"]
[White "Sapeta, Robert"]
[Black "Diczew, Filip"]
[Result "0-1"]
[WhiteElo "2082"]
[BlackElo "2139"]
[EventDate "2016.09.05"]

1.d4 d5 2.Nc3 Bf5 3.f3 Nf6 4.Bg5 c6 5.Qd2 Nbd7 6.g4 Bg6 7.Bf4 Nb6 8.e3 e6 
9.h4 h5 10.g5 Ng8 11.e4 Bd6 12.Nh3 Ne7 13.O-O-O Bb4 14.Qe3 Bxc3 15.bxc3 
Na4 16.Kd2 Qa5 17.Bd6 dxe4 18.Bxe7 Kxe7 19.Nf4 Rad8 20.fxe4 Bxe4 21.Bc4 
Rxd4+ 22.Qxd4 Rd8 23.Bd5 Bxd5 24.Nd3 Bxh1 25.Qxg7 Be4 26.Qf6+ Ke8 27.Re1 
Qf5 28.Qh8+ Ke7 29.Qf6+ Qxf6 30.gxf6+ Kxf6 31.Rxe4 Nb6 32.Rb4 c5 33.Rf4+ 
Ke7 34.Ke2 Nd5 35.Rc4 b6 36.Kd2 f6 37.Re4 e5 38.c4 Nb4 39.Kc3 Nxd3 40.cxd3
Rd4 0-1

[Event "POL-chT2"]
[Site "Jastrzebia Gora POL"]
[Date "2016.09.??"]
[Round "6.18"]
[White "Warakomska, Anna"]
[Black "Mareckova, Martina"]
[Result "1/2-1/2"]
[WhiteElo "2267"]
[BlackElo "2137"]
[EventDate "2016.09.05"]

1.e4 e5 2.Nf3 Nc6 3.d4 exd4 4.Nxd4 Bc5 5.Nb3 Bb6 6.Nc3 Nf6 7.Qe2 d6 8.Be3 
Qe7 9.O-O-O Be6 10.g3 O-O 11.Bg2 Rfe8 12.Rhe1 Bxe3+ 13.Qxe3 a5 14.Nd4 Nxd4
15.Qxd4 Bg4 16.f3 Bd7 17.f4 Bc6 18.Qd2 Red8 19.Re2 h6 20.Qe1 Qf8 21.Bh1 
Nd7 22.Nd5 Bxd5 23.Rxd5 Nc5 24.e5 c6 25.Rxd6 Rxd6 26.exd6 Qxd6 27.Rd2 Qe6 
28.Qxe6 Nxe6 29.c3 Kf8 30.Bf3 Nc5 31.Kc2 Re8 32.Re2 Rxe2+ 33.Bxe2 Ke7 34.
b4 axb4 35.cxb4 Ne6 36.Kd3 b5 37.Ke4 Kd6 38.Bd1 Nc7 39.Bb3 Nd5 40.Bxd5 
cxd5+ 41.Kd4 h5 42.h4 1/2-1/2

[Event "POL-chT2"]
[Site "Jastrzebia Gora POL"]
[Date "2016.09.??"]
[Round "6.19"]
[White "Ponizil, Cyril"]
[Black "Praszak, Michal"]
[Result "1-0"]
[WhiteElo "2462"]
[BlackElo "2140"]
[EventDate "2016.09.05"]

1.e4 c5 2.Nf3 d6 3.Bb5+ Bd7 4.Bxd7+ Qxd7 5.O-O Nc6 6.c3 Nf6 7.Qe2 e6 8.Rd1
Be7 9.d4 cxd4 10.cxd4 d5 11.e5 Ne4 12.Ne1 h6 13.f3 Ng5 14.Nc3 f5 15.Be3 
O-O 16.Nd3 b6 17.Nf4 Bb4 18.Rac1 Bxc3 19.Rxc3 Rfc8 20.h4 Nf7 21.Nh5 Qe8 
22.Rdc1 Ne7 23.Rc7 Qd8 24.Qc2 Rxc7 25.Qxc7 Rc8 26.Qb7 Rxc1+ 27.Bxc1 Ng6 
28.g3 Qe7 29.Qc8+ Kh7 30.Kg2 Nd8 31.Bd2 Nh8 32.Nf4 Ng6 33.Nh5 Nh8 34.a3 
Nhf7 35.Nf4 Qe8 36.Kf2 g5 37.Ne2 Qc6 38.Qa6 Qc2 39.Bc3 Qd1 40.Qxa7 Qh1 41.
Qe7 Qh2+ 42.Ke3 f4+ 43.gxf4 gxf4+ 44.Kd2 Qf2 45.Qf6 Qe3+ 46.Ke1 Qxf3 47.
Nxf4 Qh1+ 48.Ke2 Qh2+ 49.Kd3 Qg3+ 50.Kc2 Qg5 51.Qxg5 Nxg5 52.Kb3 Nc6 53.
Ka4 Na7 54.Bb4 b5+ 55.Ka5 Nc6+ 56.Kxb5 Nxd4+ 57.Kb6 Ndf3 58.Bd6 Nd2 59.a4 
Nc4+ 60.Kb5 Nxb2 61.a5 Ne4 62.a6 1-0

[Event "POL-chT2"]
[Site "Jastrzebia Gora POL"]
[Date "2016.09.??"]
[Round "6.20"]
[White "Stoma, Pawel"]
[Black "Piesik, Piotr"]
[Result "1/2-1/2"]
[WhiteElo "2346"]
[BlackElo "2278"]
[EventDate "2016.09.05"]

1.e4 e6 2.d4 d5 3.exd5 exd5 4.Nf3 Nf6 5.Bd3 Bd6 6.O-O O-O 7.Bg5 Bg4 8.Nbd2
Nbd7 9.c3 c6 10.Qc2 Qc7 11.h3 Bh5 12.Nh4 Bg6 13.Nxg6 hxg6 14.Nf3 Rfe8 15.
Rfe1 Nf8 16.g3 Ne6 17.Qd2 Nxg5 18.Qxg5 Nh7 19.Qg4 Nf6 20.Qg5 Nh7 21.Qg4 
Nf6 22.Qh4 Nh7 23.Qg4 Nf6 1/2-1/2

[Event "POL-chT2"]
[Site "Jastrzebia Gora POL"]
[Date "2016.09.??"]
[Round "6.21"]
[White "Flis, Jacek"]
[Black "Lobejko, Rafal"]
[Result "1-0"]
[WhiteElo "2262"]
[BlackElo "2341"]
[EventDate "2016.09.05"]

1.e4 d5 2.exd5 Qxd5 3.Nc3 Qa5 4.d4 Nf6 5.a3 c6 6.Bf4 Bg4 7.f3 Be6 8.Ne2 
Nbd7 9.Ng3 g6 10.Be2 Bg7 11.O-O Nd5 12.Nxd5 cxd5 13.c3 O-O 14.Bd3 Qb6 15.
Qe2 Rfe8 16.Rae1 a6 17.Rf2 Nf8 18.Qd2 Bd7 19.Bh6 Bh8 20.f4 f5 21.Bxf8 Kxf8
22.Rfe2 Bf6 23.Nf1 Kf7 24.h3 Bb5 25.Bxb5 Qxb5 26.Qe3 e6 27.Nh2 Qc6 28.Nf3 
Qc7 29.g3 Re7 30.Kh1 a5 31.Qd3 Qb6 32.g4 Rae8 33.g5 Bg7 34.Qe3 Qd6 35.Kg2 
b5 36.Kg3 Kg8 37.Qd2 Rb8 38.Re3 b4 39.cxb4 axb4 40.a4 Rc8 41.Rc1 Rxc1 42.
Qxc1 Rc7 43.Rxe6 Qd7 44.Qe1 Kf7 45.Rb6 Qe8 46.Qxe8+ Kxe8 47.Rxb4 Kd7 48.
Rb5 Ra7 49.b3 Bf8 50.Rxd5+ Kc6 51.Rb5 Bd6 52.d5+ Kc7 53.Nd4 Ba3 54.a5 Kd6 
55.Nc6 Ra8 56.Ne5 Bc1 57.Nc4+ Kc7 58.Rb6 Re8 59.d6+ 1-0

[Event "POL-chT2"]
[Site "Jastrzebia Gora POL"]
[Date "2016.09.??"]
[Round "6.22"]
[White "Miroslaw, Michal"]
[Black "Paszewski, Mateusz"]
[Result "1-0"]
[WhiteElo "2283"]
[BlackElo "2293"]
[EventDate "2016.09.05"]

1.e4 c5 2.Nf3 Nc6 3.d4 cxd4 4.Nxd4 g6 5.c4 Nf6 6.Nc3 Nxd4 7.Qxd4 d6 8.Be2 
Bg7 9.Be3 O-O 10.Qd2 Be6 11.Rc1 Qa5 12.O-O Rfc8 13.b3 a6 14.Bf3 Rab8 15.
Ba7 Ra8 16.Bd4 Rab8 17.Qe3 Nd7 18.Bxg7 Kxg7 19.Be2 Qc5 20.Qd2 f6 21.Kh1 
Qa5 22.f4 Rc7 23.Rb1 Qb4 24.Rf3 b5 25.a3 Qxa3 26.b4 bxc4 27.Nd5 Qxf3 28.
Bxf3 Bxd5 29.Qxd5 c3 30.Qa5 Rc4 31.h4 c2 32.Rc1 Rbxb4 33.Kh2 Rb1 34.Rxc2 
Rxc2 35.Qd8 Nc5 36.Qxe7+ Kg8 37.e5 Rd2 38.exf6 1-0

[Event "POL-chT2"]
[Site "Jastrzebia Gora POL"]
[Date "2016.09.??"]
[Round "6.23"]
[White "Tomaszewski, Roman"]
[Black "Panas, Pawel"]
[Result "1/2-1/2"]
[WhiteElo "2315"]
[BlackElo "2100"]
[EventDate "2016.09.05"]

1.d4 e6 2.c4 f5 3.Nf3 Nf6 4.g3 c6 5.Bg2 d5 6.O-O Bd6 7.Bf4 Bxf4 8.gxf4 O-O
9.e3 Nbd7 10.Qe2 Qe7 11.Nbd2 Ne4 12.Kh1 Kh8 13.Rg1 a5 14.Nxe4 fxe4 15.Nd2 
Nf6 16.f3 exf3 17.Nxf3 Bd7 18.c5 Be8 19.Nd2 Bg6 20.Bf3 Bf5 21.Rac1 a4 22.
Rc3 Ra5 23.Ra1 Rfa8 24.Nf1 Ne4 25.Bxe4 Bxe4+ 26.Kg1 h6 27.Ng3 Bh7 28.Rf1 
Rf8 29.Rcc1 Qh4 30.Rf2 Rf7 31.Rcf1 Ra8 32.Qh5 Qxh5 33.Nxh5 Ra5 34.Rd1 Rf8 
35.Ng3 Rb5 36.Rdd2 Bb1 37.Ne2 Bf5 38.Nc3 Rb4 39.a3 Rb3 40.Rg2 Ra8 41.Rg3 
g6 42.Kf2 Kh7 43.Ke1 Ra6 44.Ke2 Ra5 45.Rg1 Ra6 46.Kd1 Ra5 47.Kc1 Ra8 48.
Re2 Ra5 49.Rg3 Bd3 50.Re1 Bf5 51.Rg2 Ra8 52.h4 b6 53.cxb6 Rxb6 54.Rh2 h5 
55.e4 Bg4 56.Rf2 Rb7 57.Re3 Kg7 58.e5 c5 59.Rd3 Bf5 60.Rd1 c4 61.Re1 Kg8 
1/2-1/2

[Event "POL-chT2"]
[Site "Jastrzebia Gora POL"]
[Date "2016.09.??"]
[Round "6.24"]
[White "Toma, Katarzyna"]
[Black "Lach, Aleksandra"]
[Result "1-0"]
[WhiteElo "2259"]
[BlackElo "2163"]
[EventDate "2016.09.05"]

1.e4 c5 2.Nf3 d6 3.d4 cxd4 4.Qxd4 Nc6 5.Bb5 Bd7 6.Qd3 g6 7.c4 Bg7 8.O-O 
Nf6 9.Nc3 O-O 10.h3 a6 11.Bxc6 Bxc6 12.Be3 Nd7 13.Nd4 Nc5 14.Qc2 e5 15.
Nxc6 bxc6 16.Rad1 Qe7 17.Bxc5 dxc5 18.Qa4 Qb7 19.b3 Qb4 20.Rd3 Rfc8 21.
Rfd1 f5 22.a3 Qb6 23.Rd6 Qb7 24.Qa5 Bf8 25.Rd7 Qxb3 26.exf5 gxf5 27.Na4 
Ra7 28.Qd2 Rxd7 29.Qxd7 Re8 30.Nxc5 Qc2 31.Rd3 Re7 32.Qxf5 Qc1+ 33.Kh2 
Qf4+ 34.Qxf4 exf4 35.Nxa6 Re4 36.Rc3 Re2 37.Nb4 Rxf2 38.Nxc6 Bd6 39.c5 Bc7
40.Kg1 Rb2 41.Nb4 Ba5 42.Kf1 Rb1+ 43.Ke2 Rg1 44.Kf2 Rb1 45.Rc2 Rb3 46.c6 
Bb6+ 47.Ke2 Re3+ 48.Kf1 Rxa3 49.Nd5 Ra1+ 50.Ke2 Ba5 51.c7 Bxc7 52.Rxc7 1-0

[Event "POL-chT2"]
[Site "Jastrzebia Gora POL"]
[Date "2016.09.??"]
[Round "6.25"]
[White "Simacek, Pavel"]
[Black "Adamowicz, Katarzyna"]
[Result "1-0"]
[WhiteElo "2448"]
[BlackElo "2167"]
[EventDate "2016.09.05"]

1.e4 e5 2.Nf3 Nc6 3.Bb5 a6 4.Ba4 Nf6 5.Bxc6 dxc6 6.d3 Qd6 7.Nbd2 Be6 8.b3 
Be7 9.Bb2 Nd7 10.Qe2 c5 11.h3 Bf6 12.g4 h6 13.Rg1 O-O-O 14.h4 g5 15.h5 Nb8
16.O-O-O b5 17.Nf1 Nc6 18.c3 b4 19.Ne3 bxc3 20.Bxc3 Nd4 21.Bxd4 cxd4 22.
Nf5 Qb4 23.Kb1 Kd7 24.Qc2 c5 25.Rc1 Rc8 26.Nd2 a5 27.Ka1 Bd8 28.Rb1 Rc6 
29.Rgc1 Bc7 30.Rb2 Ke8 31.Qd1 Kd7 32.Nc4 Ke8 33.Rbc2 Kd7 34.Rb2 Ke8 35.Qf3
Kd7 36.Qg3 Qb8 37.Rbc2 Ke8 38.Nb2 Qb4 39.Qf3 Kd7 40.Na4 Bb6 41.Qg3 f6 42.
Qg1 Ba7 43.Qd1 Rh7 44.Nb2 Bb8 45.Nc4 Bc7 46.Rb2 Rh8 47.Ng7 Bf7 48.Qf3 Ke7 
49.Qf5 Qb8 50.Qf3 Qb4 51.Qe2 Kd7 52.Kb1 Rh7 53.Nf5 Rh8 54.Rcc2 Be6 55.Kc1 
Bf7 56.Kd1 Be6 57.Qf3 Bf7 58.Ke2 Ra6 59.Kf1 Rc6 60.Qd1 Ra6 61.Qc1 Rc6 62.
Rb1 Be6 63.Ke2 Bf7 64.a3 Qb5 65.b4 cxb4 66.axb4 axb4 67.Na3 Rxc2+ 68.Qxc2 
Qa5 69.Rc1 Qb6 70.Qa4+ Kd8 71.Nb5 Qa5 72.Qxa5 Bxa5 73.Nbd6 Ba2 74.Rc8+ Kd7
75.Rxh8 Bc7 76.Nb5 b3 77.Rh7+ Kc6 78.Rxc7+ Kxb5 79.Rb7+ Ka4 80.Nd6 1-0

[Event "POL-chT2"]
[Site "Jastrzebia Gora POL"]
[Date "2016.09.??"]
[Round "6.26"]
[White "Lach, Piotr"]
[Black "Sieciechowicz, Marcin"]
[Result "0-1"]
[WhiteElo "2128"]
[BlackElo "2457"]
[EventDate "2016.09.05"]

1.e4 e6 2.d4 d5 3.Nd2 c5 4.exd5 Qxd5 5.Ngf3 cxd4 6.Bc4 Qd6 7.O-O Nf6 8.Nb3
Nc6 9.Nbxd4 Nxd4 10.Qxd4 Qxd4 11.Nxd4 Bd7 12.Bf4 Rc8 13.Bb3 Bc5 14.Rad1 
O-O 15.Rfe1 Rfd8 16.h3 b5 17.a3 a5 18.c3 b4 19.axb4 axb4 20.c4 Be8 21.Nf3 
Bc6 22.Rxd8+ Rxd8 23.Rd1 Rxd1+ 24.Bxd1 Ne4 25.Be3 Bxe3 26.fxe3 Nc5 27.Nd4 
Be4 28.b3 Kf8 29.Bf3 e5 30.Bxe4 exd4 31.Bc2 dxe3 32.Kf1 Ne6 33.Be4 Nd4 34.
Bd5 f5 35.c5 g5 36.Ke1 Ke7 37.Bg8 h6 38.Bd5 f4 39.Bg8 Ne6 40.c6 Nd4 0-1

[Event "POL-chT2"]
[Site "Jastrzebia Gora POL"]
[Date "2016.09.??"]
[Round "6.28"]
[White "Kudas, Damian"]
[Black "Sabuk, Piotr"]
[Result "0-1"]
[WhiteElo "2120"]
[BlackElo "2333"]
[EventDate "2016.09.05"]

1.d4 d5 2.c4 e6 3.Nc3 Be7 4.Nf3 Nf6 5.Bg5 h6 6.Bxf6 Bxf6 7.e3 O-O 8.Qc2 c5
9.dxc5 dxc4 10.Bxc4 Nd7 11.O-O Nxc5 12.Rfd1 Qa5 13.Rac1 b6 14.a3 Bxc3 15.
Qxc3 Qxc3 16.Rxc3 Bb7 17.Ne5 Rfd8 18.Rcc1 Kf8 19.f3 f6 20.Nd3 Nxd3 21.Rxd3
Ke7 22.Kf2 Rac8 23.Rxd8 Kxd8 24.Rc2 Ke7 25.Bd3 Rxc2+ 26.Bxc2 g5 27.e4 Kd6 
28.b4 Ke5 29.Ke3 f5 30.exf5 exf5 31.Kd3 h5 32.Bd1 Ba6+ 33.Kc3 Kf4 34.Kd4 
h4 35.a4 Bf1 36.g3+ hxg3 37.hxg3+ Kxg3 38.Ke5 f4 39.Kf5 Bg2 40.Kxg5 Bxf3 
41.Bc2 Be2 42.Be4 f3 43.Bxf3 Kxf3 44.Kf5 Ke3 45.Ke5 Kd3 46.a5 Kc4 0-1

[Event "POL-chT2"]
[Site "Jastrzebia Gora POL"]
[Date "2016.09.??"]
[Round "6.29"]
[White "Kanicki, Krzysztof"]
[Black "Stanach, Fabian"]
[Result "1-0"]
[WhiteElo "2172"]
[BlackElo "2058"]
[EventDate "2016.09.05"]

1.e4 c5 2.Nf3 d6 3.d4 cxd4 4.Nxd4 Nf6 5.Nc3 a6 6.Be3 e5 7.Nb3 Be7 8.f3 Be6
9.Qd2 O-O 10.O-O-O a5 11.Bb5 Na6 12.Qf2 Qb8 13.Bb6 Nc7 14.Ba4 Rc8 15.Kb1 
d5 16.Bxc7 Qxc7 17.exd5 Bf5 18.g4 Bg6 19.h4 h5 20.g5 Nd7 21.Ne4 Nb6 22.Bb5
a4 23.Nc1 Nc4 24.Bxc4 Qxc4 25.Qe2 Qb4 26.Nd3 Qb5 27.d6 Bf8 28.Nf4 Qxe2 29.
Nxe2 Bxe4 30.fxe4 Rd8 31.d7 Bb4 32.a3 Ba5 33.Rd5 Ra7 34.Rhd1 b6 35.b4 axb3
36.cxb3 b5 37.Rxb5 Bc7 38.Kb2 Kf8 39.Nc3 Ra6 40.Rbd5 f6 41.g6 Ke7 42.Ne2 
Bd6 43.b4 f5 44.Ng3 fxe4 45.Nf5+ Ke6 46.Nxd6 Rxd7 47.Nb5 1-0

[Event "POL-chT2"]
[Site "Jastrzebia Gora POL"]
[Date "2016.09.??"]
[Round "6.30"]
[White "Chrzaszcz, Malvina"]
[Black "Poznanska, Katarzyna"]
[Result "1-0"]
[WhiteElo "2039"]
[BlackElo "2106"]
[EventDate "2016.09.05"]

1.e4 c5 2.Nf3 e6 3.d4 cxd4 4.Nxd4 a6 5.Bd3 Qc7 6.O-O Nf6 7.Qe2 d6 8.c4 Be7
9.Nc3 O-O 10.f4 Nbd7 11.Kh1 b6 12.Bd2 Bb7 13.Rae1 Rfd8 14.Bb1 Rac8 15.b3 
Bf8 16.Nf3 e5 17.f5 Bc6 18.Nd5 Bxd5 19.cxd5 b5 20.Ng5 Qb6 21.g4 h6 22.Nh3 
Qd4 23.g5 hxg5 24.Nxg5 Nh7 25.Nxh7 Kxh7 26.Be3 Qb4 27.f6 g6 28.Rf3 Kg8 29.
Rg1 Nc5 30.Bd2 1-0

[Event "POL-chT2"]
[Site "Jastrzebia Gora POL"]
[Date "2016.09.??"]
[Round "7.1"]
[White "Szwed, Jacek"]
[Black "Gazik, Viktor"]
[Result "0-1"]
[WhiteElo "2330"]
[BlackElo "2431"]
[EventDate "2016.09.05"]

1.e4 Nf6 2.e5 Nd5 3.d4 d6 4.c4 Nb6 5.exd6 exd6 6.Nc3 Be7 7.Bd3 O-O 8.Nge2 
Bf6 9.O-O Re8 10.h3 Be6 11.d5 Bd7 12.Rb1 a5 13.b3 Na6 14.a3 Nc5 15.Bc2 a4 
16.b4 Nb3 17.Qd3 g6 18.Ng3 0-1

[Event "POL-chT2"]
[Site "Jastrzebia Gora POL"]
[Date "2016.09.??"]
[Round "7.2"]
[White "Panczyk, Krzysztof"]
[Black "Adamowicz, Katarzyna"]
[Result "1-0"]
[WhiteElo "2361"]
[BlackElo "2167"]
[EventDate "2016.09.05"]

1.d4 d5 2.c4 c6 3.Nc3 Nf6 4.e3 g6 5.Nf3 Bg7 6.Bd3 O-O 7.O-O a6 8.Bd2 b5 9.
cxd5 cxd5 10.a4 b4 11.Na2 a5 12.Nc1 Nbd7 13.Nb3 Bb7 14.Rc1 Ne4 15.Qe2 Nb6 
16.Bb5 Nc4 17.Rc2 Qd6 18.Nc5 1-0

[Event "POL-chT2"]
[Site "Jastrzebia Gora POL"]
[Date "2016.09.??"]
[Round "7.3"]
[White "Watorek, Marcin"]
[Black "Sarwinski, Miroslaw"]
[Result "0-1"]
[WhiteElo "2130"]
[BlackElo "2301"]
[EventDate "2016.09.05"]

1.d4 Nf6 2.c4 g6 3.f3 Bg7 4.e4 d6 5.Nc3 O-O 6.Bg5 Nbd7 7.Nh3 c5 8.d5 a6 9.
a4 Ne5 10.Nf2 Qa5 11.Be2 h6 12.Bd2 Qc7 13.f4 Ned7 14.O-O Re8 15.Nd3 b6 16.
Bf3 Bb7 17.Re1 Nh7 18.Qc1 h5 19.g4 hxg4 20.Bxg4 e6 21.Bf3 exd5 22.Nxd5 
Bxd5 23.exd5 Ndf6 24.f5 Qd7 0-1

[Event "POL-chT2"]
[Site "Jastrzebia Gora POL"]
[Date "2016.09.??"]
[Round "7.4"]
[White "Gmaj, Krzysztof"]
[Black "Kudas, Damian"]
[Result "0-1"]
[WhiteElo "2183"]
[BlackElo "2120"]
[EventDate "2016.09.05"]

1.e4 c5 2.Nf3 d6 3.d4 cxd4 4.Qxd4 Nc6 5.Bb5 Bd7 6.Qd3 Nf6 7.Nc3 e6 8.Bg5 
a6 9.Bxc6 Bxc6 10.O-O-O Be7 11.h4 h6 12.Bd2 b5 13.Nd4 Qc7 14.f3 Rc8 15.Bf4
Bd7 16.Be3 b4 17.Nce2 e5 18.Nf5 Bxf5 19.exf5 d5 20.Kb1 d4 21.Bd2 Nd5 22.g4
Nc3+ 23.Nxc3 bxc3 24.Bc1 0-1

[Event "POL-chT2"]
[Site "Jastrzebia Gora POL"]
[Date "2016.09.??"]
[Round "7.6"]
[White "Gazikova, Veronika"]
[Black "Chrzaszcz, Malvina"]
[Result "1-0"]
[WhiteElo "2231"]
[BlackElo "2039"]
[EventDate "2016.09.05"]

1.e4 c5 2.Nf3 d6 3.d4 cxd4 4.Nxd4 Nf6 5.Nc3 a6 6.Bg5 Nbd7 7.f4 Qc7 8.Qf3 
b5 9.Bd3 Bb7 10.O-O-O g6 11.Nd5 Nxd5 12.exd5 Bg7 13.Rhe1 Bf6 14.Bxf6 Nxf6 
15.Be4 Rc8 16.Kb1 Qc4 17.f5 1-0

[Event "POL-chT2"]
[Site "Jastrzebia Gora POL"]
[Date "2016.09.??"]
[Round "7.7"]
[White "Praszak, Michal"]
[Black "Simacek, Pavel"]
[Result "0-1"]
[WhiteElo "2140"]
[BlackElo "2448"]
[EventDate "2016.09.05"]

1.d4 Nf6 2.c4 c5 3.d5 e6 4.Nc3 exd5 5.cxd5 d6 6.e4 g6 7.f4 Bg7 8.Bb5+ Nfd7
9.Be2 Qh4+ 10.g3 Qd8 11.Nf3 O-O 12.O-O Re8 13.Nd2 Nf6 14.Bf3 Bh3 15.Re1 h5
16.Nc4 Ng4 17.Ne3 Bd4 18.Nb5 Nxe3 19.Bxe3 Bxb2 20.Rb1 Bg7 21.e5 dxe5 22.
Bxc5 Nd7 23.Bf2 Nf6 24.fxe5 Ng4 25.Bxg4 Bxg4 26.Qd4 a6 27.Nc3 Qg5 28.Rxb7 
Rxe5 29.Rxe5 Bxe5 30.Qe4 Bxc3 31.d6 Bh3 32.Be3 Qf6 33.Qd3 Qf3 0-1

[Event "POL-chT2"]
[Site "Jastrzebia Gora POL"]
[Date "2016.09.??"]
[Round "7.8"]
[White "Sieciechowicz, Marcin"]
[Black "Stoma, Pawel"]
[Result "1/2-1/2"]
[WhiteElo "2457"]
[BlackElo "2346"]
[EventDate "2016.09.05"]

1.d4 d5 2.c4 c6 3.Nf3 Nf6 4.Nc3 a6 5.c5 Bf5 6.Bf4 e6 7.h3 Nbd7 8.e3 Be7 9.
Bd3 Ne4 10.Bxe4 Bxe4 11.Nxe4 dxe4 12.Nd2 e5 13.Bxe5 Nxe5 14.dxe5 Qd5 15.
Qc2 Qxe5 16.Nxe4 f5 17.Nd6+ Bxd6 18.cxd6 O-O-O 19.O-O-O Rhf8 20.Qd3 Rf6 
21.d7+ Kc7 22.Kc2 Rf7 23.Qd4 Qxd4 24.Rxd4 1/2-1/2

[Event "POL-chT2"]
[Site "Jastrzebia Gora POL"]
[Date "2016.09.??"]
[Round "7.9"]
[White "Lobejko, Rafal"]
[Black "Zawadzki, Stanislaw"]
[Result "0-1"]
[WhiteElo "2341"]
[BlackElo "2439"]
[EventDate "2016.09.05"]

1.Nf3 Nf6 2.g3 b5 3.Bg2 Bb7 4.O-O e6 5.d3 d6 6.b3 Nbd7 7.Bb2 Be7 8.Nbd2 c5
9.c4 bxc4 10.bxc4 O-O 11.Rb1 Bc6 12.Bc3 Qc7 13.Qc1 a5 14.Ne1 d5 15.cxd5 
exd5 16.Nef3 Rfe8 17.d4 c4 18.Ne5 Nxe5 19.dxe5 Nd7 20.Nf3 Bb4 21.Ba1 Rab8 
22.Qc2 h6 23.Qf5 Nf8 24.Nd4 Bd7 25.Qf3 Rxe5 26.Nc2 Rf5 27.Qg4 c3 28.Qd4 
Ne6 29.Qh4 Rc8 30.Ne3 Re5 31.Nxd5 Qc4 32.Bxc3 Qxh4 33.gxh4 Rxc3 34.Nxc3 
Bxc3 35.e3 Bb4 36.Rfd1 Ba4 37.Rd5 Rxd5 38.Bxd5 Bd7 39.Rd1 Kf8 40.Kg2 Ke7 
41.f4 f5 42.Kf2 Nc5 43.Rd4 Na4 44.Bb3 Nc3 45.Rc4 Ne4+ 46.Kg2 Nc5 47.Bc2 
Be6 48.Rd4 Bxa2 49.Bxf5 Ne6 50.Rd1 Bb3 51.Rg1 a4 52.Kf3 Bc3 53.Bb1 a3 54.
Rg2 Bb2 55.e4 Bd1+ 56.Kg3 Nd4 57.Rd2 Ne2+ 0-1

[Event "POL-chT2"]
[Site "Jastrzebia Gora POL"]
[Date "2016.09.??"]
[Round "7.10"]
[White "Sabuk, Piotr"]
[Black "Miroslaw, Michal"]
[Result "1/2-1/2"]
[WhiteElo "2333"]
[BlackElo "2283"]
[EventDate "2016.09.05"]

1.d4 d6 2.c4 e5 3.Nf3 e4 4.Nfd2 f5 5.e3 Nf6 6.Be2 g6 7.Nc3 Bh6 8.b4 c6 9.
d5 O-O 10.Bb2 Qe7 11.c5 Nxd5 12.Nc4 dxc5 13.Nxd5 cxd5 14.Qxd5+ Be6 15.Qxc5
Qxc5 16.bxc5 Nd7 17.Ba3 Nxc5 18.O-O b6 19.Rfd1 Rfd8 20.Bxc5 bxc5 21.Rxd8+ 
Rxd8 22.Rb1 Rd7 23.Rb8+ Bf8 24.g3 Bd5 25.Kg2 Kg7 26.h4 Be7 27.a3 Kf6 28.
Kf1 Rb7 29.Rxb7 Bxb7 30.Ke1 Ke6 31.Kd2 Ba6 32.Kc2 Bd8 33.Kb3 Bb5 34.Bf1 h5
35.Be2 Kf6 36.Kc2 g5 37.hxg5+ Kxg5 38.Kd2 h4 39.gxh4+ Kxh4 40.Ke1 Bf6 41.
Kf1 Kg5 42.Kg2 f4 43.exf4+ Kxf4 44.Kf1 Bd4 45.Kg2 a6 46.Kf1 Bd7 47.Nb6 
Bh3+ 48.Ke1 a5 49.Nc4 Be6 50.Kf1 Bc3 51.Kg2 Bd5 52.Kf1 Bc6 53.Bd1 Bd7 54.
Kg2 Bg4 55.Bxg4 Kxg4 56.Ne3+ Kg5 57.f3 Bd4 58.Nc4 e3 59.Kf1 Kf4 60.Ke2 a4 
61.Nb6 Kg3 62.Nc4 Kf4 63.Nb6 Kg3 64.Nc4 1/2-1/2

[Event "POL-chT2"]
[Site "Jastrzebia Gora POL"]
[Date "2016.09.??"]
[Round "7.11"]
[White "Polkowski, Piotr"]
[Black "Kanicki, Krzysztof"]
[Result "0-1"]
[WhiteElo "2130"]
[BlackElo "2172"]
[EventDate "2016.09.05"]

1.e4 d6 2.Nc3 Nf6 3.f4 c5 4.Nf3 Nc6 5.Bc4 e6 6.d3 Be7 7.O-O O-O 8.Qe1 a6 
9.a4 d5 10.Ba2 Nb4 11.Bb1 b6 12.e5 Ne8 13.Bd2 Bd7 14.Ne2 Nc6 15.c3 f5 16.
Bc2 b5 17.Qf2 Nc7 18.Be3 d4 19.cxd4 Nb4 20.Nc3 c4 21.dxc4 bxc4 22.Rfc1 Bc6
23.Nd2 Ncd5 24.Nxc4 g5 25.Nxd5 Bxd5 26.b3 Rc8 27.Bb1 Kh8 28.fxg5 Bxg5 29.
Rd1 Bxe3 30.Qxe3 f4 31.Qh3 Rc7 32.Bd3 Rg7 33.Rd2 f3 34.Bf1 fxg2 35.Be2 Qg5
36.Qe3 Qh4 37.Rad1 Nc6 38.Nd6 Bxb3 39.Rc1 Bd5 40.Rcd1 a5 41.Rc1 Rg6 42.Rd3
Rf4 43.Rcd1 Rf8 44.Rc1 Nb4 45.Rdc3 Rh6 46.h3 Nc6 47.Rd1 Rg6 48.Rcd3 Kg8 
49.Rc3 Rg7 50.Rcd3 Ne7 51.Rc3 Ng6 52.Rc8 Rxc8 53.Nxc8 Nf4 54.Bg4 Rxg4 55.
hxg4 Qh1+ 56.Kf2 Qxd1 57.Ne7+ Kh8 0-1

[Event "POL-chT2"]
[Site "Jastrzebia Gora POL"]
[Date "2016.09.??"]
[Round "7.12"]
[White "Poznanska, Katarzyna"]
[Black "Toma, Katarzyna"]
[Result "0-1"]
[WhiteElo "2106"]
[BlackElo "2259"]
[EventDate "2016.09.05"]

1.e4 e5 2.Nf3 d6 3.d4 Nd7 4.dxe5 dxe5 5.Bc4 c6 6.a4 Be7 7.O-O Ngf6 8.Qe2 
O-O 9.Bg5 a5 10.Nbd2 h6 11.Bxf6 Bxf6 12.Rfd1 Qc7 13.Nf1 Nc5 14.h3 Be6 15.
Ne3 g6 16.Ng4 Bxg4 17.hxg4 Kg7 18.Ne1 Rh8 19.Nd3 Nd7 20.g3 Nb6 21.Nc5 Qe7 
22.Nb3 h5 23.Bd3 hxg4 24.Qxg4 Rh5 25.Bf1 Qb4 26.Nd2 Rah8 27.Bg2 Nxa4 28.c3
Qb5 29.Nf3 Nc5 30.Rd6 Qxb2 31.Rad1 a4 32.Ne1 Qxc3 0-1